| 000 | 01190nac a22002531u 4500 | ||
|---|---|---|---|
| 010 | _a 92033434 | ||
| 020 | _a0471574082 | ||
| 082 | 0 | 0 |
_a657.320285 _bJAR |
| 090 |
_c9522 _d9522 |
||
| 100 | _aJarett, Irwin M. | ||
| 245 | 1 | 0 |
_aFinancial reporting using computer graphics / _cIrwin M. Jarett. |
| 260 |
_aNew York : _bWiley,c1993. _cc1993. |
||
| 300 |
_axxiv, 447 p. : _bill. ; _c29 cm + _e2 computer disks (3 1/2 in.) |
||
| 500 | _aKeep up to date with cumulative supplements: 1995. | ||
| 500 | _aSystem requirements for computer disks: IBM PC AT or PS/2 or compatible; PC-DOS 3.3 or higher; hard disk with 1MB free space; color EGA or VGA monitor; high-density 3.5 in. floppy disk drive; laser (recommended) or deskjet printer. | ||
| 500 | _aDistributer : Al-Ahram. | ||
| 504 | _aIncludes bibliographical references (p. 435-438) and index. | ||
| 511 | _aCatalogued By: Mahitab. | ||
| 650 | 0 |
_aFinancial statements _xGraphic methods _xData processing. |
|
| 650 | 0 |
_aCorporate reports _xGraphic methods _xData processing. |
|
| 650 | 0 | _aComputer graphics. | |
| 650 | 0 | _aManagement information systems. | |
| 942 |
_cBB _k657.320285JAR |
||
| 999 |
_c9522 _d9522 |
||